000 00286nam a2200121Ia 4500
008 240731s9999 xx 000 0 und d
022 _a2042-4345
245 0 _aWar & Society
260 _bRoutledge
856 _uhttps://www.tandfonline.com/loi/ywar20
942 _2ddc
942 _cTFEJ
999 _c80269
_d80269
945 _a1
_bMadushi Gamage
_c1
_dMadushi Gamage